000 00477nam a2200169Ia 4500
008 231217s9999 xx 000 0 und d
020 _a8178811685
041 _aEnglish
082 _a336.2714 SWA;1 R
100 _aSwain, Niranjan. Mishra, Chandra Sekhar ed.
245 0 _aEconomic value added concepts and cases
260 _c2002
_bIcfai
_aHyderabad
300 _avii, 188+A10
400 _aCorporate finance series
650 _aEconomic,value,added
942 _cAA
999 _c188750
_d188750